[Event "Top 16"]
[Site "Cannes"]
[Date "2009.03.21"]
[Round "2.2"]
[White "Eliet, Nicolas"]
[Black "Hamdouchi, Hichem"]
[Result "1/2-1/2"]
[WhiteElo "2429"]
[BlackElo "2599"]
[WhiteTeam " "]"37"]
[EventDate "21.??.??"]
[WhiteTeam "Grasse"]
[BlackTeam "Montpellier"]

1. c4 e5 2. g3 Nf6 3. Bg2 c6 4. d4 exd4 5. Qxd4 d5 6. Nf3 Be7 7. cxd5 cxd5 8.
O-O Nc6 9. Qa4 O-O 10. Nc3 Re8 11. Rd1 Bb4 12. Bg5 Bxc3 13. bxc3 Rxe2 14. Nd4
Nxd4 15. Qxd4 h6 16. Bxf6 Qxf6 17. Qxf6 gxf6 18. Bxd5 Bh3 19. Bxb7 1/2-1/2

[Event "Top 16"]
[Site "Cannes"]
[Date "2009.03.21"]
[Round "2.5"]
[White "Prie, Eric"]
[Black "Shoker, Samy"]
[Result "1-0"]
[WhiteElo "2489"]
[BlackElo "2399"]
[WhiteTeam " "]"89"]
[EventDate "21.??.??"]
[WhiteTeam "Montpellier"]
[BlackTeam "Grasse"]

1. d4 g6 2. e4 Bg7 3. f4 d6 4. Nc3 Nf6 5. Nf3 O-O 6. Bd3 Nh5 7. O-O Bg4 8. Be2
e5 9. fxe5 dxe5 10. Bg5 f6 11. Be3 Nc6 12. d5 Ne7 13. Qd2 Qd7 14. h3 Bxf3 15.
Bxf3 Ng3 16. Rfd1 f5 17. Bc5 fxe4 18. Bg4 Ngf5 19. Nxe4 b6 20. Ba3 Rfd8 21. Qg5
h6 22. Qf6 Bxf6 23. Nxf6+ Kg7 24. Nxd7 Rxd7 25. Re1 Kf6 26. c4 h5 27. Bf3 Nd4
28. Be4 Rc8 29. Rf1+ Kg7 30. Rae1 c6 31. Bd3 cxd5 32. cxd5 Nc2 33. Bxe7 Nxe1
34. Bf6+ Kh7 35. Rxe1 Rxd5 36. Be4 Rd6 37. Bg5 Kg7 38. Kf2 b5 39. Ke3 b4 40.
Be7 Rb6 41. Rd1 b3 42. a3 Kf7 43. Bb4 Ke8 44. Bd6 Kf7 45. Bxe5 1-0

[Event "Top 16"]
[Site "Cannes"]
[Date "2009.03.21"]
[Round "2.6"]
[White "Karim, Ismael"]
[Black "Libiszewski, Fabien"]
[Result "1/2-1/2"]
[WhiteElo "2407"]
[BlackElo "2481"]
[WhiteTeam " "]"57"]
[EventDate "21.??.??"]
[WhiteTeam "Grasse"]
[BlackTeam "Montpellier"]

1. e4 c5 2. Nf3 Nc6 3. d4 cxd4 4. Nxd4 e5 5. Nb5 d6 6. c4 Be7 7. N1c3 a6 8. Na3
Be6 9. Nc2 Rc8 10. Nd5 Bg5 11. Bxg5 Qxg5 12. g3 Qd8 13. Bg2 Nge7 14. O-O O-O
15. b3 f5 16. f4 fxe4 17. Bxe4 Bf5 18. Bg2 Kh8 19. Nce3 Be6 20. fxe5 Rxf1+ 21.
Qxf1 dxe5 22. Rd1 Nd4 23. Qd3 Nec6 24. Rf1 b5 25. Qe4 Qg5 26. Kh1 bxc4 27. Nxc4
h6 28. Nde3 Rd8 29. a3 1/2-1/2

[Event "Top 16"]
[Site "Cannes"]
[Date "2009.03.21"]
[Round "2.7"]
[White "Flear, Glenn C"]
[Black "Henneteau, Jeremy"]
[Result "1-0"]
[WhiteElo "2478"]
[BlackElo "2106"]
[WhiteTeam " "]"111"]
[EventDate "21.??.??"]
[WhiteTeam "Montpellier"]
[BlackTeam "Grasse"]

1. d4 Nf6 2. c4 e6 3. Nc3 d5 4. cxd5 exd5 5. Bg5 c6 6. Qc2 Be7 7. e3 Nbd7 8.
Bd3 O-O 9. Nf3 Re8 10. h3 Nf8 11. Bf4 Bd6 12. Bxd6 Qxd6 13. O-O-O b5 14. Kb1 a5
15. Rc1 Bb7 16. g4 a4 17. Ne2 N6d7 18. Nf4 b4 19. Qd2 g6 20. h4 Ba6 21. h5
Bxd3+ 22. Nxd3 Rab8 23. hxg6 fxg6 24. Ka1 Rb6 25. Nfe5 Nxe5 26. Nxe5 Nd7 27. f4
Re7 28. Rh6 a3 29. b3 Nxe5 30. dxe5 Qe6 31. Qd4 Rb5 32. g5 Rc7 33. Rh2 c5 34.
Qd3 Rb8 35. Rd2 Rd8 36. Rcd1 Rcd7 37. Qb5 Rc8 38. Rc1 Rdc7 39. Qd3 Rd8 40. Rdc2
Rdc8 41. e4 dxe4 42. Qxe4 Rd8 43. Kb1 Qd5 44. Qe2 Qd4 45. Rc4 Qd7 46. Qc2 Rf8
47. Rd1 Qg4 48. Qd2 Qf5+ 49. Kc1 Qh3 50. Qd5+ Rff7 51. e6 Qe3+ 52. Kb1 Rfe7 53.
Re4 Qf3 54. Re2 Qg3 55. Qa8+ Kg7 56. Rd8 1-0

[Event "Top 16"]
[Site "Cannes"]
[Date "2009.03.21"]
[Round "2.2"]
[White "Damljanovic, Branko"]
[Black "Kazhgaleyev, Murtas"]
[Result "0-1"]
[WhiteElo "2587"]
[BlackElo "2630"]
[WhiteTeam " "]"82"]
[EventDate "21.??.??"]
[WhiteTeam "Antibes"]
[BlackTeam "Cannes"]

1. c4 Nf6 2. Nc3 c6 3. e4 d5 4. e5 d4 5. exf6 dxc3 6. bxc3 exf6 7. d4 Bd6 8. c5
Bc7 9. Bd3 O-O 10. Ne2 b6 11. cxb6 axb6 12. O-O Nd7 13. Qc2 g6 14. Be4 f5 15.
Bf3 Re8 16. g3 Bb7 17. c4 Qb8 18. Bb2 c5 19. Bxb7 Qxb7 20. d5 Qa6 21. Rfe1 Be5
22. Kg2 Bxb2 23. Qxb2 Qxc4 24. Nc3 Ne5 25. Qb3 Qg4 26. Re3 f4 27. f3 Qf5 28.
gxf4 Qxf4 29. Rae1 Kg7 30. Ne4 f6 31. Nf2 c4 32. Qb2 Ra5 33. Nh3 Qf5 34. d6 Rd5
35. Qxb6 Rd2+ 36. Kg3 Qc2 37. Nf4 g5 38. Ne2 h5 39. Qb7+ Kh6 40. Qb6 Qf5 41.
Rf1 Nd7 0-1

[Event "Top 16"]
[Site "Cannes"]
[Date "2009.03.21"]
[Round "2.3"]
[White "Tkachiev, Vladislav"]
[Black "Khenkin, Igor"]
[Result "1/2-1/2"]
[WhiteElo "2657"]
[BlackElo "2644"]
[WhiteTeam " "]"55"]
[EventDate "21.??.??"]
[WhiteTeam "Cannes"]
[BlackTeam "Antibes"]

1. c4 c5 2. Nf3 Nc6 3. d4 cxd4 4. Nxd4 Nf6 5. g3 Qb6 6. Nb3 Ne5 7. c5 Qc6 8.
Rg1 d5 9. cxd6 Qxd6 10. Qxd6 exd6 11. Nc3 Be7 12. Bg2 O-O 13. Nd4 d5 14. Bg5
Be6 15. O-O-O Rac8 16. Kb1 Rfd8 17. e4 dxe4 18. Nxe6 fxe6 19. Nxe4 Nxe4 20.
Bxe7 Rxd1+ 21. Rxd1 Nxf2 22. Bxb7 Rc7 23. Rd8+ Kf7 24. Bd6 Rxb7 25. Rf8+ Kg6
26. Rxf2 Nc4 27. Bc5 Rc7 28. b4 1/2-1/2

[Event "Top 16"]
[Site "Cannes"]
[Date "2009.03.21"]
[Round "2.4"]
[White "Miralles, Gilles"]
[Black "Palac, Mladen"]
[Result "1/2-1/2"]
[WhiteElo "2477"]
[BlackElo "2553"]
[WhiteTeam " "]"84"]
[EventDate "21.??.??"]
[WhiteTeam "Antibes"]
[BlackTeam "Cannes"]

1. e4 c5 2. Nf3 d6 3. d4 cxd4 4. Nxd4 Nf6 5. Nc3 a6 6. g3 e6 7. Bg2 Qc7 8. O-O
Be7 9. Re1 O-O 10. Qe2 Bd7 11. g4 h6 12. h3 Nc6 13. Nxc6 Bxc6 14. Bf4 Rac8 15.
Rad1 b5 16. a3 Nd7 17. Bg3 Ne5 18. Nb1 Nc4 19. b3 Nb6 20. Nd2 Bd7 21. Nf1 Rfd8
22. Ne3 Bc6 23. Qd2 Qb7 24. Qa5 d5 25. exd5 Nxd5 26. Nxd5 Bxd5 27. Bxd5 exd5
28. Re2 b4 29. axb4 Bxb4 30. Qa4 d4 31. Rd3 Bc3 32. Kh2 Kh7 33. Re5 f6 34. Re6
a5 35. Re2 Rd7 36. Qa3 Qd5 37. Qc1 a4 38. bxa4 Ra8 39. Qh1 Qxh1+ 40. Kxh1 Rxa4
41. f4 Kg6 42. Kg2 Kf7 1/2-1/2

[Event "Top 16"]
[Site "Cannes"]
[Date "2009.03.21"]
[Round "2.5"]
[White "Fontaine, Robert"]
[Black "Bijaoui, Manuel"]
[Result "1/2-1/2"]
[WhiteElo "2546"]
[BlackElo "2404"]
[WhiteTeam " "]"155"]
[EventDate "21.??.??"]
[WhiteTeam "Cannes"]
[BlackTeam "Antibes"]

1. e4 c5 2. Nf3 d6 3. d4 cxd4 4. Nxd4 Nf6 5. Nc3 a6 6. g3 e6 7. Bg2 Be7 8. O-O
O-O 9. Be3 Qc7 10. g4 Nc6 11. g5 Nd7 12. f4 Nxd4 13. Bxd4 e5 14. Nd5 Qd8 15.
Bc3 exf4 16. h4 Ne5 17. Qd4 Re8 18. Nxe7+ Qxe7 19. Rxf4 Be6 20. Rd1 Rac8 21.
Rf2 Bg4 22. Rdd2 Rc6 23. b3 Qe6 24. Bb2 b5 25. Qd5 Qxd5 26. exd5 Rcc8 27. Ba3
Rcd8 28. Bb4 Rf8 29. Rd4 f5 30. gxf6 Rxf6 31. Rxf6 gxf6 32. Kf2 h5 33. Ba5 Rc8
34. c3 Kf7 35. a4 bxa4 36. Rxa4 Bd1 37. Ra3 Ng4+ 38. Ke1 Re8+ 39. Kxd1 Ne3+ 40.
Kd2 Nxg2 41. Bc7 Nxh4 42. Bxd6 Rd8 43. Rxa6 Nf5 44. Bf4 Rxd5+ 45. Ke2 h4 46.
Kf3 Ne7 47. Rd6 h3 48. Rxd5 Nxd5 49. Bd2 Ke6 50. c4 Ne7 51. Kg3 Kf5 52. Bc3 Ke4
53. Bxf6 Nc6 54. Bc3 Kd3 55. Be1 Nd4 56. c5 Ke4 57. b4 Kd5 58. Bf2 Nb5 59. Kxh3
Kc6 60. Kg4 Na3 61. Be1 Nb5 62. Kf4 Nc7 63. Ke4 Nb5 64. Kd3 Nc7 65. Bg3 Nb5 66.
Kc4 Na3+ 67. Kb3 Nb5 68. Bf4 Nd4+ 69. Ka4 Nb5 70. Be5 Na7 71. Ka5 Nb5 72. Ba1
Na3 73. Ka6 Nb5 74. Bb2 Nc7+ 75. Ka7 Nb5+ 76. Kb8 Nc7 77. Ka7 Nb5+ 78. Ka6
1/2-1/2

[Event "Top 16"]
[Site "Cannes"]
[Date "2009.03.21"]
[Round "2.6"]
[White "Acher, Mathieu"]
[Black "Leconte, Maria"]
[Result "0-1"]
[WhiteElo "2381"]
[BlackElo "2334"]
[WhiteTeam " "]"106"]
[EventDate "21.??.??"]
[WhiteTeam "Antibes"]
[BlackTeam "Cannes"]

1. e4 e6 2. d4 d5 3. Nc3 Bb4 4. e5 c5 5. a3 Bxc3+ 6. bxc3 Qc7 7. Qg4 Ne7 8.
Qxg7 Rg8 9. Qxh7 cxd4 10. Ne2 Nbc6 11. f4 dxc3 12. Qd3 Bd7 13. Rg1 O-O-O 14.
Rb1 Nf5 15. g4 Nh4 16. Rg3 d4 17. Kf2 Be8 18. Qh7 Ng6 19. Qxg8 Nce7 20. Bg2
Nxg8 21. Bxb7+ Qxb7 22. Rxb7 Kxb7 23. Rd3 N8e7 24. Nxd4 Nd5 25. Kg3 Ba4 26. h4
Nge7 27. f5 exf5 28. Bg5 fxg4 29. h5 Rh8 30. Kxg4 Bd7+ 31. e6 fxe6 32. Bxe7
Nxe7 33. Kg5 Nd5 34. Rf3 Be8 35. Rh3 Rg8+ 36. Kh6 Rh8+ 37. Kg5 Rg8+ 38. Kh6 Nf4
39. Rxc3 Bxh5 40. Rb3+ Kc8 41. Nc6 Rg6+ 42. Kh7 Nd5 43. Kh8 Kc7 44. Ne5 Rg5 45.
Nf3 Rg3 46. Nd4 Rxb3 47. cxb3 e5 48. Nb5+ Kb6 49. Nd6 Kc5 50. Nc8 e4 51. b4+
Nxb4 52. axb4+ Kxb4 53. Nxa7 Kc5 0-1

[Event "Top 16"]
[Site "Cannes"]
[Date "2009.03.21"]
[Round "2.8"]
[White "Cochet, Caroline"]
[Black "Levacic, Damir"]
[Result "1/2-1/2"]
[WhiteElo "2052"]
[BlackElo "2284"]
[WhiteTeam " "]"52"]
[EventDate "21.??.??"]
[WhiteTeam "Antibes"]
[BlackTeam "Cannes"]

1. e4 c5 2. Nf3 Nc6 3. Bb5 g6 4. O-O Bg7 5. d3 d6 6. Bxc6+ bxc6 7. Nc3 Rb8 8.
h3 e5 9. b3 Ne7 10. Be3 f5 11. Qc1 O-O 12. Bh6 fxe4 13. Bxg7 Kxg7 14. dxe4 Bxh3
15. Nxe5 dxe5 16. gxh3 Rf3 17. Qg5 Nf5 18. Qxd8 Rxd8 19. Na4 Nd4 20. Kg2 Rf6
21. Rad1 Rdf8 22. Nxc5 R8f7 23. c3 Ne2 24. c4 Nf4+ 25. Kh2 Ne2 26. Kg2 Nf4+
1/2-1/2

[Event "Top 16"]
[Site "Cannes"]
[Date "2009.03.21"]
[Round "2.4"]
[White "Andonov, Bogomil"]
[Black "Kosten, Anthony C"]
[Result "1/2-1/2"]
[WhiteElo "2316"]
[BlackElo "2514"]
[WhiteTeam " "]"41"]
[EventDate "21.??.??"]
[WhiteTeam "Grasse"]
[BlackTeam "Montpellier"]

1. d4 Nf6 2. c4 e6 3. g3 Bb4+ 4. Bd2 a5 5. Bg2 d6 6. Nf3 Nbd7 7. O-O e5 8. Nc3
O-O 9. a3 Bxc3 10. Bxc3 e4 11. Ne1 Nb6 12. b3 a4 13. d5 axb3 14. Qxb3 Bg4 15.
f3 exf3 16. exf3 Bf5 17. Bd4 Nfd7 18. Nd3 Ra4 19. Nb2 Ra6 20. Qc3 f6 21. Rfe1
1/2-1/2

[Event "Top 16"]
[Site "Cannes"]
[Date "2009.03.21"]
[Round "2.7"]
[White "Govciyan, Pavel"]
[Black "Perez, Flavio"]
[Result "1-0"]
[WhiteElo "2411"]
[BlackElo "2276"]
[WhiteTeam " "]"43"]
[EventDate "21.??.??"]
[WhiteTeam "Cannes"]
[BlackTeam "Antibes"]

1. d4 d5 2. Bf4 c6 3. e3 Bf5 4. c4 e6 5. Qb3 Qb6 6. Nd2 dxc4 7. Bxc4 Qxb3 8.
Bxb3 Nf6 9. Ngf3 Bd3 10. a3 Be7 11. Nc4 O-O 12. Nfe5 Bxc4 13. Nxc4 b5 14. Na5
c5 15. dxc5 Bxc5 16. Rc1 Bb6 17. Nb7 Nbd7 18. Ke2 e5 19. Bg3 Rab8 20. Nd6 Bc5
21. Rhd1 Rb6 22. Nxf7 1-0

[Event "Top 16"]
[Site "Cannes"]
[Date "2009.03.21"]
[Round "2.3"]
[White "Stellwagen, Daniel"]
[Black "Di Paolo, Raffaele"]
[Result "1-0"]
[WhiteElo "2612"]
[BlackElo "2336"]
[WhiteTeam " "]"41"]
[EventDate "21.??.??"]
[WhiteTeam "Montpellier"]
[BlackTeam "Grasse"]

1. e4 c5 2. Nf3 Nc6 3. Nc3 e6 4. d4 cxd4 5. Nxd4 Qc7 6. Be3 a6 7. Qd2 Nf6 8.
O-O-O Ne5 9. f4 Nc4 10. Bxc4 Qxc4 11. e5 Ng4 12. Bg1 Bb4 13. Nde2 f5 14. h3 Nh6
15. Bb6 a5 16. Qe3 Ra6 17. b3 Qc6 18. Na4 Qxg2 19. Rhg1 Qe4 20. Qf2 g6 21. Rd4
1-0

[Event "Top 16"]
[Site "Cannes"]
[Date "2009.03.21"]
[Round "2.1"]
[White "Sasikiran, Krishnan"]
[Black "Parligras, Mircea"]
[Result "1/2-1/2"]
[WhiteElo "2711"]
[BlackElo "2605"]
[WhiteTeam " "]"51"]
[EventDate "21.??.??"]
[WhiteTeam "Cannes"]
[BlackTeam "Antibes"]

1. Nf3 c5 2. c4 g6 3. d4 cxd4 4. Nxd4 Nc6 5. e4 Nf6 6. Nc3 Nxd4 7. Qxd4 d6 8.
f3 Bg7 9. Be3 O-O 10. Qd2 a5 11. Be2 a4 12. O-O Qa5 13. Rac1 Be6 14. Nd5 Qxd2
15. Nxe7+ Kh8 16. Bxd2 Rfe8 17. Nd5 Nxd5 18. cxd5 Bxd5 19. Bb5 Re5 20. Bxa4
Bxa2 21. b4 b5 22. f4 Rxe4 23. Bxb5 Bd4+ 24. Kh1 Bd5 25. Bc4 Bb7 26. b5 1/2-1/2

[Event "Top 16"]
[Site "Cannes"]
[Date "2009.03.21"]
[Round "2.8"]
[White "Forestier, Carole"]
[Black "Benmesbah, Natacha"]
[Result "0-1"]
[WhiteElo "2096"]
[BlackElo "2138"]
[WhiteTeam " "]"56"]
[EventDate "21.??.??"]
[WhiteTeam "Grasse"]
[BlackTeam "Montpellier"]

1. d4 Nf6 2. c4 c5 3. d5 e6 4. Nc3 exd5 5. cxd5 d6 6. Bf4 a6 7. a4 g6 8. Nf3
Bg7 9. e4 Bg4 10. Be2 Bxf3 11. Bxf3 O-O 12. O-O Qe7 13. Qb3 Ne8 14. Rfe1 Nd7
15. Qxb7 Rb8 16. Qxa6 Rxb2 17. Nb5 Ne5 18. Ra3 Nxf3+ 19. Rxf3 Qxe4 20. Rf1 Be5
21. Bxe5 Qxe5 22. Rd3 c4 23. Re3 Qxd5 24. Rxe8 Rxe8 25. Nc7 Qd3 26. Nxe8 Rb1
27. Nf6+ Kg7 28. Ne8+ Kh6 0-1

[Event "Top 16"]
[Site "Cannes"]
[Date "2009.03.21"]
[Round "2.1"]
[White "Van Wely, Loek"]
[Black "Dobrev, Nanko"]
[Result "1-0"]
[WhiteElo "2625"]
[BlackElo "2409"]
[WhiteTeam " "]"81"]
[EventDate "21.??.??"]
[WhiteTeam "Montpellier"]
[BlackTeam "Grasse"]

1. d4 d5 2. c4 e6 3. Nc3 Nf6 4. Nf3 Be7 5. Bf4 O-O 6. e3 a6 7. Qc2 dxc4 8. Bxc4
c5 9. dxc5 Bxc5 10. O-O Nbd7 11. Rfd1 Qe7 12. a3 Nh5 13. Ng5 g6 14. Nce4 Nxf4
15. exf4 h6 16. Nf3 Nf6 17. Ne5 Nxe4 18. Qxe4 Qf6 19. Rac1 Re8 20. Bb3 Bb6 21.
Rd6 Bd8 22. Rd2 Qg7 23. g3 Rb8 24. Rdc2 Bf6 25. Nxf7 Qxf7 26. Rxc8 Rbxc8 27.
Rxc8 Kg7 28. Rxe8 Qxe8 29. Qxb7+ Qf7 30. Qxa6 Bxb2 31. Bxe6 Qe7 32. a4 Bd4 33.
Qc6 Qa7 34. Qd7+ Kf6 35. Qxa7 Bxa7 36. Bd7 Bb8 37. Be8 Kf5 38. Kg2 h5 39. Kf3
Kf6 40. h3 h4 41. gxh4 1-0

[Event "TOP 16"]
[Site "Metz"]
[Date "2009.03.22"]
[Round "3.1"]
[White "Riazantsev, Alexander"]
[Black "Landa, Konstantin"]
[Result "1/2-1/2"]
[WhiteElo "2634"]
[BlackElo "2626"]
[WhiteTeam " "]"36"]
[BlackTeam " "]
[Source "ChessBase"]
[SourceDate "1998.11.10"]

1. d4 Nf6 2. c4 e6 3. Nf3 d5 4. Nc3 dxc4 5. e4 Bb4 6. Bg5 c5 7. dxc5 Qxd1+ 8.
Rxd1 Nbd7 9. Rd4 h6 10. Bd2 Nxc5 11. Bxc4 O-O 12. e5 Bxc3 13. Bxc3 Nd5 14. Bxd5
exd5 15. Bb4 b6 16. Bxc5 bxc5 17. Rxd5 Rb8 18. Rd2 Be6 1/2-1/2

[Event "TOP 16"]
[Site "Metz"]
[Date "2009.03.22"]
[Round "3.2"]
[White "Glek, Igor"]
[Black "Postny, Evgeny"]
[Result "1-0"]
[WhiteElo "2524"]
[BlackElo "2652"]
[WhiteTeam " "]"79"]
[BlackTeam " "]
[Source "ChessBase"]
[SourceDate "2000.11.22"]

1. e4 e5 2. Nf3 Nc6 3. Nc3 Nf6 4. g3 d5 5. exd5 Nxd5 6. Bg2 Nde7 7. O-O Nf5 8.
Re1 f6 9. h3 Be7 10. g4 Nfd4 11. Nxd4 Nxd4 12. Nd5 O-O 13. Nxe7+ Qxe7 14. c3
Ne6 15. d4 exd4 16. cxd4 Qd6 17. Qb3 Rb8 18. d5 Nf4 19. Bxf4 Qxf4 20. Re7 Qd6
21. Qa3 f5 22. g5 f4 23. Rxc7 Qxa3 24. bxa3 f3 25. Bf1 Bf5 26. Re1 Rbd8 27. Re5
Bb1 28. Bc4 b5 29. Bxb5 Bxa2 30. Bc6 h6 31. Kh2 Rd6 32. Rxa7 Rfd8 33. Ra8 Rxa8
34. Bxa8 Kh7 35. Re6 Rd8 36. g6+ Kg8 37. Bc6 Kf8 38. Re5 Bb1 39. d6 Bxg6 40. d7
1-0

[Event "TOP 16"]
[Site "Metz"]
[Date "2009.03.22"]
[Round "3.3"]
[White "Svetushkin, Dmitry"]
[Black "Bauer, Christian"]
[Result "1-0"]
[WhiteElo "2593"]
[BlackElo "2610"]
[WhiteTeam " "]"65"]
[BlackTeam " "]
[Source "ChessBase"]
[SourceDate "2000.11.22"]

1. d4 d6 2. e4 Nf6 3. Nc3 Nbd7 4. Nge2 e5 5. g3 c6 6. a4 b6 7. Bg2 a6 8. h3 Bb7
9. g4 h6 10. Be3 b5 11. Ng3 g6 12. O-O h5 13. g5 Nh7 14. h4 f6 15. gxf6 Ndxf6
16. axb5 Ng4 17. bxc6 Qxh4 18. Re1 Bxc6 19. dxe5 Be7 20. exd6 Qh2+ 21. Kf1 O-O
22. dxe7 Qxg3 23. exf8=Q+ Rxf8 24. Qd4 Ng5 25. Rxa6 Nh2+ 26. Ke2 Qg4+ 27. Kd3
Nhf3 28. Bxf3 Nxf3 29. Rxc6 Nxd4 30. Bxd4 Rc8 31. Rd6 g5 32. Nd5 Kf7 33. Ra1
1-0

[Event "TOP 16"]
[Site "Metz"]
[Date "2009.03.22"]
[Round "3.4"]
[White "Brunner, Nicolas"]
[Black "Koch, Jean-René"]
[Result "0-1"]
[WhiteElo "2413"]
[BlackElo "2453"]
[WhiteTeam " "]"180"]
[BlackTeam " "]
[Source "ChessBase"]
[SourceDate "2000.11.22"]

1. d4 d5 2. c4 e6 3. Nc3 Bb4 4. e3 c5 5. Nf3 Ne7 6. Bd3 h6 7. O-O O-O 8. Qe2 b6
9. Rd1 cxd4 10. exd4 Nd7 11. Bf4 Ba6 12. cxd5 Bxd3 13. Rxd3 Nxd5 14. Nxd5 exd5
15. Ne5 Nxe5 16. dxe5 Qd7 17. Rad1 Rad8 18. a3 Be7 19. Qd2 Qe6 20. Rxd5 Rxd5
21. Qxd5 Rd8 22. Qf3 Rxd1+ 23. Qxd1 b5 24. Qd3 a6 25. h3 h5 26. Qd4 f6 27. Bg3
Kf7 28. Qd1 g6 29. f4 fxe5 30. fxe5 Kg8 31. Qd4 Qc6 32. Bf2 Kf7 33. Kh2 Ke6 34.
Qd3 Kf7 35. Qb3+ Qe6 36. Qf3+ Kg8 37. Bd4 Kg7 38. Qb7 Kf7 39. Kh1 Qc4 40. Qf3+
Ke6 41. Qe4 Kf7 42. Kh2 a5 43. Qe3 Qd5 44. Bb6 a4 45. Bc7 Ke6 46. Qb6+ Kf7 47.
Bd6 Bxd6 48. Qxd6 Qxd6 49. exd6 Ke6 50. Kg3 Kxd6 51. Kf4 Kd5 52. Kg5 Kc4 53.
Kxg6 h4 54. Kh5 Kb3 55. Kxh4 Kxb2 56. g4 b4 57. g5 bxa3 58. g6 a2 59. g7 a1=Q
60. g8=Q Qe1+ 61. Kh5 Qd1+ 62. Kh4 Qe1+ 63. Kh5 Qe2+ 64. Kh4 Qe4+ 65. Kh5 Qe5+
66. Kh4 a3 67. Qg2+ Kc3 68. Qc6+ Kb4 69. Qb6+ Kc3 70. Qc6+ Kb3 71. Qb6+ Kc2 72.
Qf2+ Kc3 73. Qf3+ Kb4 74. Qb7+ Qb5 75. Qe7+ Qc5 76. Qe1+ Ka4 77. Qd1+ Ka5 78.
Qd8+ Kb5 79. Qd7+ Ka6 80. Qa4+ Kb6 81. Qb3+ Ka5 82. Kg3 Qe5+ 83. Kf3 Qb2 84.
Qd5+ Qb5 85. Qa8+ Kb4 86. Qe4+ Qc4 87. Qb7+ Kc3 88. Qa7 a2 89. h4 Kb2 90. Qf2+
Qc2 0-1

[Event "TOP 16"]
[Site "Metz"]
[Date "2009.03.22"]
[Round "3.5"]
[White "Pucher, Olivier"]
[Black "Philippe, Christophe"]
[Result "1-0"]
[WhiteElo "2338"]
[BlackElo "2458"]
[WhiteTeam " "]"105"]
[BlackTeam " "]
[Source "ChessBase"]
[SourceDate "2000.11.22"]

1. d4 f5 2. g3 Nf6 3. Bg2 g6 4. Nf3 Bg7 5. c4 O-O 6. O-O d6 7. Nc3 Qe8 8. Re1
Qf7 9. b3 Ne4 10. Bb2 Nc6 11. Rc1 Nxc3 12. Bxc3 e5 13. dxe5 dxe5 14. Qd5 Kh8
15. Qc5 Re8 16. Ng5 Qe7 17. Qxe7 Rxe7 18. Bxc6 bxc6 19. Rcd1 Re8 20. Nf7+ Kg8
21. Nd8 f4 22. gxf4 exf4 23. Bxg7 Kxg7 24. Nxc6 Bh3 25. e4 fxe3 26. Rxe3 Rxe3
27. fxe3 Re8 28. Kf2 h5 29. Rd8 Re6 30. Nd4 Rf6+ 31. Kg3 Bf1 32. Rd7+ Kh6 33.
Rxc7 g5 34. h4 gxh4+ 35. Kxh4 Bg2 36. Rc5 Be4 37. Rxh5+ Kg6 38. Re5 Bb1 39. a4
Kf7 40. Kg4 a6 41. b4 Bd3 42. c5 Rf1 43. c6 Rc1 44. Rc5 Rxc5 45. bxc5 Ke7 46.
Kf4 a5 47. Ke5 Bg6 48. e4 Kd8 49. Kd5 Bh5 50. Kd6 Bd1 51. Nf5 Bxa4 52. c7+ Kc8
53. Ne7+ 1-0

[Event "TOP 16"]
[Site "Metz"]
[Date "2009.03.22"]
[Round "3.6"]
[White "Nezar, Mustapha"]
[Black "Elbilia, Jacques"]
[Result "0-1"]
[WhiteElo "2399"]
[BlackElo "2402"]
[WhiteTeam " "]"56"]
[BlackTeam " "]
[Source "ChessBase"]
[SourceDate "2000.11.22"]

1. d4 Nf6 2. c4 e6 3. Nc3 Bb4 4. Qc2 O-O 5. Bg5 h6 6. Bh4 c5 7. dxc5 Na6 8. e3
Nxc5 9. Nge2 b5 10. cxb5 Bb7 11. f3 g5 12. Bf2 Nfe4 13. a3 Nxf2 14. Kxf2 Bxc3
15. Nxc3 Rc8 16. Kg1 f5 17. Qf2 Qf6 18. Rd1 d5 19. h4 g4 20. Qg3 Kh8 21. fxg4
Ne4 22. Nxe4 fxe4 23. g5 Qxb2 24. Kh2 Rf5 25. a4 Kg7 26. Qd6 Rxg5 27. Qe7+ Kg6
28. Qxb7 Rh8 0-1

[Event "TOP 16"]
[Site "Metz"]
[Date "2009.03.22"]
[Round "3.7"]
[White "Pucher, Sébastien"]
[Black "Genzling, Alain"]
[Result "0-1"]
[WhiteElo "2267"]
[BlackElo "2309"]
[WhiteTeam " "]"120"]
[BlackTeam " "]
[Source "ChessBase"]
[SourceDate "2000.11.22"]

1. e4 c5 2. Nf3 Nc6 3. d4 cxd4 4. Nxd4 g6 5. Nc3 Bg7 6. Nde2 Nf6 7. g3 d6 8.
Bg2 Bd7 9. a4 Qc8 10. h3 b6 11. Nd5 Nxd5 12. exd5 Na5 13. Ra2 O-O 14. b3 e5 15.
dxe6 Bxe6 16. h4 Re8 17. O-O Bg4 18. Be3 Qa6 19. c4 Rac8 20. Rd2 Nc6 21. Rxd6
Nd4 22. Bxd4 Bxe2 23. Qa1 Bxd4 24. Qxd4 Bxf1 25. Kxf1 Qa5 26. Bd5 Qe1+ 27. Kg2
Rc7 28. h5 Qe5 29. Qxe5 Rxe5 30. hxg6 hxg6 31. Rxg6+ Kf8 32. Rf6 Kg7 33. Rf3
Re2 34. g4 Rce7 35. Kg3 f6 36. Rc3 Rd2 37. f3 Re5 38. Be4 a5 39. Kf4 Kf7 40.
Ke3 Rh2 41. Rd3 Ke7 42. Kd4 Kd6 43. Kc3+ Kc7 44. Bf5 Re7 45. b4 axb4+ 46. Kxb4
Rb2+ 47. Kc3 Rbe2 48. Be4 Re1 49. Rd2 Rd7 50. Rxd7+ Kxd7 51. Kb4 Rc1 52. a5
bxa5+ 53. Kxa5 Rxc4 54. Kb5 Rc1 55. Kb4 Kd6 56. Kb3 Ke5 57. Kb2 Rc4 58. Ba8 Kf4
59. Kb3 Rc1 60. Kb4 Rf1 0-1

[Event "TOP 16"]
[Site "Metz"]
[Date "2009.03.22"]
[Round "3.8"]
[White "Steil-Antoni, Fiona"]
[Black "Leclair, Marie"]
[Result "1-0"]
[WhiteElo "2143"]
[BlackElo "1987"]
[WhiteTeam " "]"153"]
[BlackTeam " "]
[Source "ChessBase"]
[SourceDate "2000.11.22"]

1. e4 c5 2. Nc3 Nc6 3. d3 e6 4. g3 Nge7 5. Bg2 g6 6. Be3 d6 7. Qd2 Nd4 8. Nd1
h5 9. c3 Ndc6 10. f4 Bg7 11. Nf3 Rb8 12. O-O b6 13. d4 cxd4 14. cxd4 d5 15. e5
Nf5 16. Bf2 Ba6 17. Re1 Bf8 18. Nc3 Bb4 19. a3 Be7 20. b3 Na5 21. Qb2 Qd7 22.
Bf1 Bxf1 23. Rxf1 O-O 24. h3 Kg7 25. Kg2 Nh6 26. Nh2 Rbc8 27. g4 hxg4 28. hxg4
Rc6 29. Rfc1 Rfc8 30. Kg3 a6 31. Nf3 b5 32. Ne2 Rxc1 33. Rxc1 Rxc1 34. Nxc1 Qc8
35. Be3 Qf8 36. f5 exf5 37. Bxh6+ Kxh6 38. Qd2+ f4+ 39. Qxf4+ Kg7 40. b4 Nc4
41. Nd3 Nxa3 42. Nc5 Nb1 43. Qc1 a5 44. Qxb1 a4 45. Qd3 Qb8 46. Kg2 Qc8 47. Kg3
Qa8 48. Qa3 Qb8 49. Qa2 Qa8 50. Ne1 Qh8 51. Qh2 Qa8 52. Ned3 a3 53. Nc1 Bg5 54.
Na2 Be3 55. Nb3 Qa7 56. Qe2 Bxd4 57. Kg2 Bb2 58. e6 fxe6 59. Qxe6 d4 60. Nc5
Qf7 61. Qxf7+ Kxf7 62. Kf3 Kf6 63. Kf4 Ba1 64. g5+ Ke7 65. Ke4 Kd6 66. Nb3 Bb2
67. Nxd4 Bxd4 68. Kxd4 Ke6 69. Ke4 Kd6 70. Nc3 Ke6 71. Nxb5 a2 72. Nd4+ Kd6 73.
Nb3 Kc6 74. Kd4 Kb5 75. Kc3 Ka4 76. Na1 Ka3 77. b5 1-0

[Event "TOP 16"]
[Site "Metz"]
[Date "2009.03.22"]
[Round "3.1"]
[White "Nyback, Tomi"]
[Black "Vaisser, Anatoly"]
[Result "1/2-1/2"]
[WhiteElo "2644"]
[BlackElo "2513"]
[WhiteTeam " "]"95"]
[BlackTeam " "]
[Source "ChessBase"]
[SourceDate "2000.11.22"]

1. d4 e6 2. c4 f5 3. g3 Nf6 4. Bg2 d5 5. Nh3 c6 6. Qc2 Be7 7. O-O O-O 8. Nd2 b5
9. c5 a5 10. Nf3 Qe8 11. Nf4 Bd8 12. Ne5 Nbd7 13. Nfd3 Nxe5 14. dxe5 Nd7 15.
Be3 Bc7 16. Bd4 b4 17. Qa4 Ba6 18. Qxc6 Bxd3 19. exd3 Bxe5 20. Bxe5 Nxe5 21.
Qd6 Nf7 22. Qb6 Nd8 23. a3 bxa3 24. bxa3 Nc6 25. Rfe1 Qd7 26. Qb2 Rab8 27. Qc3
Rb5 28. Bf3 Qf7 29. d4 Qf6 30. Rad1 f4 31. Kg2 a4 32. Bg4 fxg3 33. Qxg3 Nxd4
34. Qe3 e5 35. Qxe5 Qxf2+ 36. Kh1 Rb2 37. Qg3 Qxg3 38. hxg3 Nf3 39. Bxf3 Rxf3
40. Rc1 Rb7 41. Kg2 Rxa3 42. c6 Rc7 43. Red1 Kf7 44. Rxd5 Rb3 45. Ra5 a3 46.
Ra6 Rb2+ 47. Kh3 a2 48. Ra1 1/2-1/2